000 00537nam a2200229Ia 4500
003 OSt
005 20220924144808.0
006 a|||||r|||| 00| 0
007 ta
008 220923b |||||||| |||| 00| 0 urd d
024 _a321872
037 _cTextual
040 _aARTS
_cARTS
_burd
041 _2urd
_aurd
082 _aQ78M5:3, 168N5
245 0 _aLoh-e-Ibne Zaib
260 _c1995
650 _a THEOLOGY
650 _aBAHAI FAITH
942 _hQ78M5:3, 168N5
_cTEXL
_2CC
999 _c458333
_d458333